00305nam a2200121Ia 4500008004100000100003800041245002300079260003400102300000900136650001400145942000700159999001700166190216s9999||||xx |||||||||||||| ||und|| aThe Board Of Studies In Malayalam 0aKanalukal Jwalakal bDeshabhimani Book Housec1981 a117p aKavithkal cBK c25637d25637